Ázsia Országai Kvíz - Statistics

General Stats
  • This quiz has been taken 1 815 times
  • The average score is 32 of 48
Answers on the Map
Answers color-coded by a green-red scale on the quiz's map according to % correct below.
 
Answer Stats
Országok % Correct
Kína
97%
Japán
94%
India
93%
Dél-Korea
88%
Észak-Korea
87%
Törökország
87%
Mongólia
84%
Irak
83%
Irán
82%
Kazahsztán
79%
Szaúd-Arábia
79%
Indonézia
77%
Pakisztán
76%
Afganisztán
74%
Izrael
74%
Vietnám
74%
Fülöp-szigetek
72%
Jemen
72%
Nepál
72%
Thaiföld
72%
Omán
70%
Üzbegisztán
69%
Egyesült Arab Emírségek
65%
Türkmenisztán
65%
Azerbajdzsán
64%
Szíria
64%
Grúzia
63%
Örményország
63%
Srí Lanka
62%
Malajzia
61%
Banglades
60%
Jordánia
60%
Laosz
60%
Tajvan
60%
Bhután
59%
Ciprus
58%
Katar
58%
Tádzsikisztán
56%
Kambodzsa
55%
Kirgizisztán
55%
Mianmar
52%
Szingapúr
52%
Kuvait
49%
Libanon
48%
Bahrein
43%
Maldív-szigetek
38%
Brunei
35%
Kelet-Timor
35%
No matching quizzes found
Score Distribution
Percent of People with Each Score
Percentile by Number Answered
Your Score History
You have not taken this quiz